[Event "Pardubice Czech op-E 33rd"]
[Site "Pardubice"]
[Date "2022.07.14"]
[Round "1.2"]
[White "Reljic, Michael"]
[Black "Brejnik, Gustav"]
[Result "0-1"]
[WhiteElo "1977"]
[BlackElo "2292"]
[PlyCount "72"]
[EventDate "2022.07.14"]
[EventType "team-swiss"]
[EventRounds "7"]
[EventCountry "CZE"]
[SourceTitle "CBM 209 Extra"]
[Source "ChessBase"]
[SourceDate "2022.09.30"]
[SourceVersion "1"]
[SourceVersionDate "2022.09.30"]
[SourceQuality "1"]
[WhiteTeam "Lvi Zerou Prvni"]
[BlackTeam "Kobylisy"]
[WhiteTeamCountry "CZE"]
[BlackTeamCountry "CZE"]

1. e4 c6 2. d4 d5 3. exd5 cxd5 4. Nf3 Nc6 5. Bd3 Bg4 6. c3 Qc7 7. Nbd2 e6 8. 0-0 Bd6 9. Qc2 Nf6 10. b4 Rc8 11. Qa4 0-0 12. h3 Bh5 13. Ba3 a6 14. b5 axb5 15. Bxb5 Ra8 16. Bxd6 Qxd6 17. Qc2 Ra3 18. Rfb1 Bg6 19. Bd3 Bxd3 20. Qxd3 Nb4 21. Rxb4 Qxb4 22. cxb4 Rxd3 23. Nb3 Rc3 24. Nc5 b6 25. Na4 Ra3 26. Nb2 Rfa8 27. Kf1 Rxa2 28. Rxa2 Rxa2 29. Nd3 Ne4 30. g3 f6 31. Ke1 Ra1+ 32. Ke2 Ra2+ 33. Ke1 Kf7 34. Kf1 Ke7 35. Ng1 Rd2 36. Nf4 Rxf2+ 0-1

[Event "Ricany op-A"]
[Site "Ricany"]
[Date "2019.08.27"]
[Round "5"]
[White "Holub, Milan"]
[Black "Reljic, Michael"]
[Result "0-1"]
[WhiteElo "1988"]
[BlackElo "1890"]
[PlyCount "38"]
[EventDate "2019.08.24"]
[EventType "swiss"]
[EventRounds "9"]
[EventCountry "CZE"]
[SourceTitle "EXT 2020"]
[Source "ChessBase"]
[SourceDate "2019.10.17"]
[SourceVersion "1"]
[SourceVersionDate "2019.10.17"]
[SourceQuality "1"]

1. d4 d5 2. Nf3 e6 3. Bf4 Bd6 4. Bg3 f5 5. e3 Nf6 6. Nbd2 Nbd7 7. c4 Bxg3 8. hxg3 c6 9. Bd3 Ne4 10. c5 Qf6 11. Nb3 b6 12. Qe2 Bb7 13. a4 0-0 14. a5 bxc5 15. a6 Bc8 16. dxc5 Rb8 17. Nfd4 e5 18. Nxf5 Qxf5 19. f3 Qg5 0-1

[Event "CZE-chT U18 Extraliga West 1819"]
[Site "Czech Republic"]
[Date "2019.01.19"]
[Round "6.2"]
[White "Reljic, Michael"]
[Black "Hofman, Krystof"]
[Result "1/2-1/2"]
[WhiteElo "1839"]
[BlackElo "1940"]
[PlyCount "61"]
[EventDate "2018.10.05"]
[EventType "team-tourn"]
[EventRounds "11"]
[EventCountry "CZE"]
[SourceTitle "EXT 2023"]
[Source "ChessBase"]
[SourceDate "2022.10.05"]
[SourceVersion "1"]
[SourceVersionDate "2022.10.05"]
[SourceQuality "1"]
[WhiteTeam "Praha Kobylisy (U18)"]
[BlackTeam "Novoborsky U18"]
[WhiteTeamCountry "CZE"]
[BlackTeamCountry "CZE"]

1. e4 c5 2. c3 a6 3. d4 cxd4 4. cxd4 d5 5. exd5 Nf6 6. Nc3 Nxd5 7. Nf3 e6 8. Qb3 Nc6 9. a3 Na5 10. Qa2 b5 11. Bd2 Bb7 12. b4 Nxc3 13. Bxc3 Bd5 14. Qc2 Nc4 15. Bxc4 Bxc4 16. Ne5 Bd5 17. 0-0 Bd6 18. f4 0-0 19. f5 Qg5 20. Rae1 Rac8 21. Rf2 Qh4 22. Re3 Bxe5 23. dxe5 exf5 24. Qxf5 Be6 25. Qf4 Rc4 26. Qxh4 Rxh4 27. Rd2 Rc8 28. Rd6 Rhc4 29. Red3 h6 30. Bd2 R4c6 31. Kf2 1/2-1/2

[Event "CZE-ch U12"]
[Site "Kouty nad Desnou"]
[Date "2015.03.09"]
[Round "3"]
[White "Reljic, Michael"]
[Black "Barak, David"]
[Result "1/2-1/2"]
[WhiteElo "1637"]
[BlackElo "1527"]
[PlyCount "89"]
[EventDate "2015.03.07"]
[EventType "swiss"]
[EventRounds "9"]
[EventCountry "CZE"]
[SourceTitle "EXT 2017"]
[Source "ChessBase"]
[SourceDate "2016.10.25"]
[SourceVersion "1"]
[SourceVersionDate "2016.10.25"]
[SourceQuality "1"]

1. e4 c5 2. Nf3 Nc6 3. d4 cxd4 4. Nxd4 Nf6 5. Nc3 d6 6. Be2 e6 7. 0-0 Be7 8. Be3 0-0 9. f4 a6 10. Qe1 Bd7 11. Qg3 Kh8 12. Kh1 Qc7 13. a3 Rg8 14. Bd3 e5 15. Nf5 Bxf5 16. exf5 Nh5 17. Qh3 exf4 18. Bd2 g6 19. fxg6 fxg6 20. Nd5 Qd8 21. Bc3+ Ne5 22. Nxf4 Nxf4 23. Rxf4 Bg5 24. Rf7 Rg7 25. Raf1 Kg8 26. Rf8+ Qxf8 27. Rxf8+ Rxf8 28. Kg1 Re7 29. Bb4 Nxd3 30. Qxd3 Be3+ 31. Kh1 Bc5 32. h3 Bxb4 33. Qc4+ Rff7 34. Qxb4 Rf6 35. Kh2 Ref7 36. c4 Kg7 37. Kg3 h5 38. Kh2 Kh7 39. b3 Kg7 40. Qb6 Kh7 41. b4 d5 42. Qd4 dxc4 43. Qxc4 Kg7 44. Qc5 Rf5 45. Qc4 1/2-1/2

[Event "CZE-ch U10"]
[Site "Kouty nad Desnou"]
[Date "2013.03.16"]
[Round "9"]
[White "Martirosyan, Ara"]
[Black "Reljic, Michael"]
[Result "1-0"]
[WhiteElo "1586"]
[BlackElo "1340"]
[PlyCount "39"]
[EventDate "2013.03.09"]
[EventType "swiss"]
[EventRounds "9"]
[EventCountry "CZE"]
[SourceTitle "EXT 2015"]
[Source "ChessBase"]
[SourceDate "2014.11.20"]
[SourceVersion "1"]
[SourceVersionDate "2014.11.20"]
[SourceQuality "1"]

1. e4 e5 2. f4 d6 3. Nf3 exf4 4. Nc3 g6 5. Bc4 Bg7 6. d4 Nc6 7. Bxf4 Bg4 8. Be3 Nf6 9. 0-0 0-0 10. h3 Bd7 11. e5 dxe5 12. dxe5 Ne8 13. Bc5 Ne7 14. Ng5 Nf5 15. Bxf8 Qxg5 16. Qxd7 Qe3+ 17. Rf2 Nh6 18. Bxf7+ Nxf7 19. Qxf7+ Kh8 20. Kh1 1-0

[Event "CZE-ch U10"]
[Site "Kouty nad Desnou"]
[Date "2013.03.12"]
[Round "5"]
[White "Reljic, Michael"]
[Black "Hlozek, David"]
[Result "0-1"]
[WhiteElo "1340"]
[BlackElo "1100"]
[PlyCount "54"]
[EventDate "2013.03.09"]
[EventType "swiss"]
[EventRounds "9"]
[EventCountry "CZE"]
[SourceTitle "EXT 2015"]
[Source "ChessBase"]
[SourceDate "2014.11.20"]
[SourceVersion "1"]
[SourceVersionDate "2014.11.20"]
[SourceQuality "1"]

1. e4 e5 2. Nf3 Nc6 3. Bc4 Nf6 4. Ng5 d5 5. exd5 Na5 6. Bb5+ c6 7. dxc6 bxc6 8. Be2 h6 9. Nf3 e4 10. Ne5 Bd6 11. d4 exd3 12. Nxd3 Qc7 13. Be3 Nc4 14. Bd4 Qa5+ 15. Bc3 Qg5 16. Bf3 Nd5 17. b3 Ncb6 18. Bd2 Qf6 19. c3 0-0 20. 0-0 Ba6 21. Qc2 Be5 22. Bxd5 cxd5 23. Re1 Rfe8 24. Nxe5 Rxe5 25. Rxe5 Qxe5 26. Be3 Rc8 27. Bd4 Qe1# 0-1

[Event "CZE-ch U10"]
[Site "Kouty nad Desnou"]
[Date "2013.03.10"]
[Round "2"]
[White "Reljic, Michael"]
[Black "Suran, Jan"]
[Result "1/2-1/2"]
[WhiteElo "1340"]
[BlackElo "1513"]
[PlyCount "88"]
[EventDate "2013.03.09"]
[EventType "swiss"]
[EventRounds "9"]
[EventCountry "CZE"]
[SourceTitle "EXT 2015"]
[Source "ChessBase"]
[SourceDate "2014.11.20"]
[SourceVersion "1"]
[SourceVersionDate "2014.11.20"]
[SourceQuality "1"]

1. e4 e5 2. Nf3 Nc6 3. Bc4 Nf6 4. Ng5 d5 5. exd5 Na5 6. Bb5+ c6 7. dxc6 bxc6 8. Be2 h6 9. Nf3 e4 10. Ne5 Bd6 11. d4 exd3 12. Nxd3 Qc7 13. b3 0-0 14. h3 Be6 15. 0-0 Rad8 16. Bb2 Bc5 17. Qe1 Bb6 18. Be5 Qe7 19. Qc3 Ne4 20. Qe1 Qg5 21. Kh1 Rxd3 22. Bxd3 Qxe5 23. Qxe4 Qxe4 24. Bxe4 Bd4 25. c3 Bf6 26. Na3 Bxc3 27. Rac1 Bb2 28. Rc5 Nb7 29. Rxc6 Bxa3 30. Rxe6 fxe6 31. Bxb7 Bc5 32. f3 Rb8 33. Rc1 Rxb7 34. Rxc5 Kf7 35. Kg1 Rd7 36. Kh2 Ke7 37. Kg3 Kd6 38. Ra5 Kc6 39. Ra6+ Kd5 40. h4 h5 41. Kh3 Ke5 42. g3 g6 43. f4+ Kf6 44. Ra5 Rc7 1/2-1/2